[Event "FRA-chT"]
[Site "France"]
[Date "2002.03.31"]
[Round "6.4"]
[White "Sulava, Nenad"]
[Black "Marciano, David"]
[Result "1-0"]
[WhiteElo "2552"]
[BlackElo "2505"]
[PlyCount "73"]
[EventDate "2002.02.01"]
[Source "ChessBase"]
[SourceDate "2002.07.08"]

1. d4 d5 2. Nf3 Nf6 3. g3 c6 4. Bg2 Bg4 5. Nbd2 Nbd7 6. O-O e6 7. Re1 Be7 8. e4 dxe4 9. Nxe4 Nxe4 10. Rxe4 Bf5 11. Re1 O-O 12. c3 Qc7 13. Bf4 Bd6 14. Bxd6 Qxd6 15. Nh4 Bg6 16. Nxg6 hxg6 17. h4 Qc7 18. h5 gxh5 19. Qxh5 Rfe8 20. Bf3 g6 21. Qh6 Qd8 22. Re4 Qf6 23. Kg2 Qg7 24. Qe3 Re7 25. Rh1 Rae8 26. Bd1 a6 27. Bb3 Nf6 28. Reh4 e5 29. dxe5 Rxe5 30. Rh8+ Qxh8 31. Rxh8+ Kxh8 32. Qh6+ Nh7 33. Bxf7 R8e7 34. Bxg6 R5e6 35. Qh4 Kg8 36. Bxh7+ Rxh7 37. Qg4+ 1-0

[Event "Novi Sad ol (Men)"]
[Site "Novi Sad YUG"]
[Date "1990.??.??"]
[Round "10"]
[White "Hulak, Krunoslav"]
[Black "Tischbierek, Raj"]
[Result "1/2-1/2"]
[WhiteElo "2560"]
[BlackElo "2495"]
[PlyCount "122"]
[EventDate "1990.11.??"]
[Source "www.chesslib.no"]
[SourceDate "2004.05.04"]

1. d4 d5 2. Nf3 Nf6 3. Bf4 c5 4. e3 Nc6 5. c3 Qb6 6. Qb3 c4 7. Qc2 Bf5 8. Qc1 h6 9. Nbd2 e6 10. Be2 Be7 11. h3 Rc8 12. O-O O-O 13. Re1 Qd8 14. Bd1 b5 15. Bc2 Bxc2 16. Qxc2 Nh5 17. Bh2 f5 18. Ne5 Nxe5 19. Bxe5 Bd6 20. Bxd6 Qxd6 21. b3 Nf6 22. a4 cxb3 23. Qxb3 bxa4 24. Rxa4 Rf7 25. c4 dxc4 26. Rxc4 Rxc4 27. Nxc4 Qd5 28. Qb8+ Kh7 29. Qc8 Rb7 30. Ra1 f4 31. Ra5 Qd7 32. Qxd7 Rxd7 33. Ne5 Rb7 34. exf4 Rb1+ 35. Kh2 Rb2 36. Nd3 Rd2 37. Ra3 Ne4 38. f3 Nd6 39. Nc5 Nf5 40. Nxe6 Nxd4 41. Nxd4 Rxd4 42. Kg3 Rd7 43. Kg4 Rb7 44. f5 Rb4+ 45. f4 Rb7 46. Kh4 Rb5 47. g4 a5 48. Kg3 Rc5 49. Kf3 Rb5 50. Ke3 Kg8 51. Rd3 a4 52. Ke4 Rb1 53. g5 Re1+ 54. Kf3 Re8 55. h4 Ra8 56. Ra3 h5 57. Ke3 Ra5 58. Kd3 Kf7 59. Kc2 Rc5+ 60. Kd3 Ra5 61. Ke4 Ke7 1/2-1/2

[Event "Open internazionale"]
[Site "Liverpool ING"]
[Date "2007.09.03"]
[Round "2.20"]
[White "Madan, Augustin"]
[Black "Fridman, Daniel"]
[Result "0-1"]
[WhiteElo "2425"]
[BlackElo "2628"]
[PlyCount "86"]
[EventDate "2007.09.05"]
[Source "www.chesslib.no"]
[SourceDate "2004.05.04"]

1. d4 d5 2. Nf3 Nf6 3. g3 c6 4. Bg2 Bf5 5. O-O e6 6. b3 Nbd7 7. Bb2 a5 8. c4 a4 9. Nbd2 Ne4 10. a3 axb3 11. Qxb3 Qb6 12. Qa2 Be7 13. a4 Qb4 14. Nxe4 Bxe4 15. c5 b6 16. Rfc1 bxc5 17. dxc5 Bxf3 18. Bxf3 O-O 19. a5 Nxc5 20. Bc3 Qb7 21. Rab1 Qa7 22. Qc2 Nd7 23. Rb3 Bf6 24. Bxf6 Nxf6 25. Qxc6 Qxa5 26. Rb7 Qd2 27. Qc2 Qxc2 28. Rxc2 g5 29. h3 h5 30. Rb4 Ra1+ 31. Kh2 Re1 32. Rcb2 Kg7 33. e3 Ra8 34. Rb1 Rxb1 35. Rxb1 Ra2 36. Kg1 g4 37. hxg4 hxg4 38. Bg2 Nd7 39. Rb4 Ne5 40. e4 Nd3 41. Rd4 dxe4 42. Rxe4 Nxf2 43. Rf4 Nh3+ 0-1

[Event "CRO-chT"]
[Site "Pula"]
[Date "2001.09.12"]
[Round "3"]
[White "Hulak, Krunoslav"]
[Black "Stevic, Hrvoje"]
[Result "1/2-1/2"]
[WhiteElo "2566"]
[BlackElo "2485"]
[PlyCount "100"]
[EventDate "2001.09.10"]
[Source "ChessBase"]
[SourceDate "2001.10.26"]

1. d4 d5 2. Nf3 Nf6 3. c3 Bf5 4. Qb3 Qc8 5. Bg5 Nbd7 6. Nbd2 e6 7. e3 h6 8. Bh4 Be7 9. Rc1 c5 10. c4 O-O 11. Be2 cxd4 12. Nxd4 Bg6 13. O-O Nc5 14. Qa3 Qd7 15. Bxf6 gxf6 16. b4 Qa4 17. Qc3 Nd3 18. Bxd3 Bxb4 19. Qc2 Qxc2 20. Bxc2 Bxd2 21. Rcd1 Bxc2 22. Nxc2 Ba5 23. cxd5 Rac8 24. Nd4 exd5 25. Nf5 Rc2 26. Rxd5 Rxa2 27. Rd7 Rb2 28. Nxh6+ Kg7 29. Nf5+ Kg6 30. g4 Rd8 31. Re7 Bc3 32. Kg2 a5 33. h4 Rf8 34. h5+ Kh7 35. Kg3 a4 36. Rc1 Rb3 37. Rxc3 Rxc3 38. Rxb7 Rcc8 39. Nd4 Kg8 40. Rb2 Ra8 41. Ra2 Rfb8 42. Ra3 Rb4 43. Kf4 Kf8 44. Ke4 Ke7 45. f3 Ra5 46. Kd3 Kd6 47. Kc3 Rb8 48. Kc4 Rc5+ 49. Kd3 Ra5 50. Kc4 Rc5+ 1/2-1/2

[Event "IND Ch"]
[Site "?"]
[Date "2004.12.13"]
[Round "13"]
[White "Bakre Tejas"]
[Black "Kunte Abhijit"]
[Result "1/2-1/2"]
[WhiteElo "2491"]
[BlackElo "2550"]
[PlyCount "21"]
[EventDate "2004.??.??"]
[Source "www.chesslib.no"]
[SourceDate "2004.05.04"]

1. d4 d5 2. Nf3 Nf6 3. g3 g6 4. Bg2 Bg7 5. O-O O-O 6. c3 b6 7. Nbd2 Bb7 8. Ne5 Nbd7 9. Ndf3 Ne4 10. Nxd7 Qxd7 11. Nd2 1/2-1/2

[Event "GRE-chT"]
[Site "?"]
[Date "1997.??.??"]
[Round "4"]
[White "Miladinovic Igor"]
[Black "Kosic Dragan"]
[Result "1/2-1/2"]
[WhiteElo "2510"]
[BlackElo "2515"]
[PlyCount "23"]
[EventDate "1997.??.??"]
[Source "www.chesslib.no"]
[SourceDate "2004.05.04"]

1. d4 d5 2. Nf3 Nf6 3. g3 c6 4. Bg2 Bf5 5. O-O e6 6. b3 Nbd7 7. Bb2 Be7 8. Nbd2 Ne4 9. Ne1 Nxd2 10. Qxd2 O-O 11. c4 a5 12. Nd3 1/2-1/2

[Event "Belgrade Trako"]
[Site "Belgrade"]
[Date "1995.??.??"]
[Round "3"]
[White "Sahovic, Dragutin"]
[Black "Komarov, Dimitri"]
[Result "0-1"]
[WhiteElo "2450"]
[BlackElo "2575"]
[PlyCount "82"]
[EventDate "1995.03.??"]
[Source "ChessBase"]

1. d4 d5 2. Nf3 Nf6 3. Bf4 c5 4. e3 Qb6 5. b3 Bg4 6. Be2 e6 7. O-O Nc6 8. c3 Be7 9. Nbd2 O-O 10. h3 Bh5 11. a4 Rfc8 12. a5 Qd8 13. a6 b6 14. Ne1 Bxe2 15. Qxe2 cxd4 16. exd4 Na5 17. Qd3 Rc6 18. b4 Nc4 19. Nxc4 Rxc4 20. f3 Nh5 21. Bd2 Bd6 22. f4 Rac8 23. Ra3 Qc7 24. g3 Nf6 25. Nc2 Ne4 26. Rf3 h5 27. Be1 h4 28. gxh4 Bxf4 29. Ne3 Bxe3+ 30. Qxe3 e5 31. dxe5 Qxe5 32. Qf4 Qe7 33. Re3 R4c6 34. h5 Rh6 35. Qg4 Rf8 36. Ra2 f5 37. Qd1 Qg5+ 38. Rg3 Nxg3 39. Qxd5+ Kh7 40. Rg2 Qe3+ 41. Bf2 Qc1+ 0-1

[Event "14.Seefeld(Casino) op"]
[Site "?"]
[Date "2003.09.18"]
[Round "6"]
[White "Voloshin Leonid"]
[Black "Fedorchuk Sergey A"]
[Result "1/2-1/2"]
[WhiteElo "2468"]
[BlackElo "2557"]
[PlyCount "23"]
[EventDate "2003.??.??"]
[Source "www.chesslib.no"]
[SourceDate "2004.05.04"]

1. d4 d5 2. Nf3 Nf6 3. Bf4 Bf5 4. e3 e6 5. Bd3 Bxd3 6. Qxd3 c6 7. O-O Bd6 8. Bxd6 Qxd6 9. c4 Nbd7 10. Nc3 O-O 11. Rfd1 Rfe8 12. Rac1 1/2-1/2

[Event "It (Open) Moscow RUS"]
[Site "?"]
[Date "2006.02.13"]
[Round "7"]
[White "Hasangatin Ramil"]
[Black "Sveshnikov Evgeny"]
[Result "1-0"]
[WhiteElo "2500"]
[BlackElo "2524"]
[PlyCount "77"]
[EventDate "2006.??.??"]
[Source "www.chesslib.no"]
[SourceDate "2004.05.04"]

1. d4 d5 2. Nf3 Nf6 3. Bf4 c5 4. dxc5 Nc6 5. c3 a5 6. Na3 Nh5 7. Be3 e5 8. Nb5 Nf6 9. Bg5 Be6 10. e4 Rc8 11. exd5 Bxd5 12. Bxf6 gxf6 13. Nd6+ Bxd6 14. Qxd5 Be7 15. Rd1 Qxd5 16. Rxd5 O-O 17. Bc4 Rfd8 18. Ke2 Rxd5 19. Bxd5 Bxc5 20. Bxc6 Rxc6 21. Nh4 Kf8 22. Nf5 Rb6 23. b3 Ke8 24. Rd1 Rc6 25. Rd3 Bf8 26. a4 e4 27. Re3 Kd7 28. c4 Rb6 29. Nd4 f5 30. Nxf5 Bc5 31. Rh3 Ke6 32. g4 Ke5 33. Ng7 Kf6 34. Ne8+ Kg6 35. Rh5 Rc6 36. Rf5 b6 37. h4 Re6 38. Rg5+ Kh6 39. Ng7 1-0

[Event "Villeneuve Tolosane FRA"]
[Site "?"]
[Date "2006.03.01"]
[Round "4.6"]
[White "Colin Vincent"]
[Black "Korneev Oleg"]
[Result "0-1"]
[WhiteElo "2374"]
[BlackElo "2649"]
[PlyCount "84"]
[EventDate "2006.??.??"]
[Source "www.chesslib.no"]
[SourceDate "2004.05.04"]

1. d4 d5 2. Nf3 Nf6 3. Bf4 c5 4. c3 Nc6 5. e3 Qb6 6. Qb3 c4 7. Qxb6 axb6 8. Nbd2 b5 9. a3 b4 10. cxb4 Nxb4 11. Rc1 Nc6 12. Ne5 e6 13. Nxc6 bxc6 14. Be2 Ba6 15. O-O Kd7 16. Rc3 Bd6 17. Bxd6 Kxd6 18. Rfc1 Rhc8 19. Kf1 Nd7 20. b3 cxb3 21. Rxb3 c5 22. dxc5+ Rxc5 23. Rxc5 Nxc5 24. Rc3 f5 25. Bxa6 Rxa6 26. Nf3 Ne4 27. Rd3 e5 28. Nd2 Nxd2+ 29. Rxd2 Rxa3 30. Rb2 Ra7 31. Rb6+ Kc5 32. Re6 e4 33. h4 f4 34. exf4 Ra1+ 35. Ke2 Ra2+ 36. Kf1 Kc4 37. Re5 Ra1+ 38. Ke2 d4 39. Rxe4 Kc3 40. Re7 d3+ 41. Kf3 d2 42. Rc7+ Kb4 0-1

[Event "Salona GM"]
[Site "?"]
[Date "2003.12.14"]
[Round "3"]
[White "Dizdarevic Emir"]
[Black "Cvitan Ognjen"]
[Result "1/2-1/2"]
[WhiteElo "2507"]
[BlackElo "2516"]
[PlyCount "25"]
[EventDate "2003.??.??"]
[Source "www.chesslib.no"]
[SourceDate "2004.05.04"]

1. d4 d5 2. Nf3 Nf6 3. Bf4 c5 4. e3 Nc6 5. c3 Qb6 6. Qc1 Bf5 7. Nbd2 h6 8. Be2 e6 9. O-O Be7 10. Bd1 O-O 11. Bc2 Bxc2 12. Qxc2 Rac8 13. Qb3 1/2-1/2

[Event "IND-ROW m"]
[Site "Bali"]
[Date "1999.05.05"]
[Round "4"]
[White "Juswanto, Denny"]
[Black "Torre, Eugenio"]
[Result "1-0"]
[WhiteElo "2465"]
[BlackElo "2557"]
[PlyCount "69"]
[EventDate "1999.05.??"]
[Source "ChessBase"]
[SourceDate "1999.08.01"]

1. d4 d5 2. Nf3 Nf6 3. g3 c6 4. Bg2 Bf5 5. O-O e6 6. b3 Be7 7. Bb2 O-O 8. c4 Nbd7 9. Nc3 Ne4 10. Nd2 Nxd2 11. Qxd2 dxc4 12. e4 Bg4 13. h3 Bh5 14. g4 Bg6 15. bxc4 Nb6 16. Qd3 e5 17. d5 Bc5 18. Ne2 Re8 19. Rac1 Na4 20. Ba1 Qh4 21. Ng3 h5 22. gxh5 Bxh5 23. Kh2 Qf4 24. Kh1 Bg6 25. Ne2 Qh6 26. Qb3 Nb6 27. Rc2 Nd7 28. Qxb7 Nf6 29. f3 Qh5 30. Qxc6 Nxe4 31. fxe4 Bxe4 32. Kh2 Bxg2 33. Kxg2 Rac8 34. Ng3 Qg5 35. Qd7 1-0

[Event "It"]
[Site "Charleroi (Belgium)"]
[Date "2007.07.28"]
[Round "2"]
[White "Georgiev Vladimir (MKD)"]
[Black "Michiels Bart (BEL)"]
[Result "1/2-1/2"]
[WhiteElo "2567"]
[BlackElo "2454"]
[PlyCount "127"]
[EventDate "2007.??.??"]
[Source "www.chesslib.no"]
[SourceDate "2004.05.04"]

1. d4 d5 2. Nf3 Nf6 3. a3 e6 4. Bg5 c5 5. e3 Nbd7 6. Nbd2 Be7 7. c3 b6 8. Bd3 Bb7 9. Qb1 Qc7 10. O-O O-O 11. Bxh7+ Nxh7 12. Bxe7 Rfe8 13. Bh4 cxd4 14. Bg3 Qd8 15. exd4 Qf6 16. Re1 Ba6 17. Qc2 Nhf8 18. Bd6 Qf5 19. Qxf5 exf5 20. a4 Rxe1+ 21. Rxe1 Ne6 22. Nh4 Bd3 23. Ng6 fxg6 24. Rxe6 Bc2 25. Nf3 Bxa4 26. Rxg6 Kf7 27. Rg3 Nf6 28. Ng5+ Kg8 29. Be5 Re8 30. h3 Nh5 31. Re3 Bc2 32. Kh2 a5 33. g4 fxg4 34. hxg4 Nf6 35. f3 Nh7 36. Nh3 g5 37. Kg3 Kf7 38. Kf2 b5 39. Bc7 a4 40. Be5 Bb3 41. Re1 Bc2 42. Rc1 Bg6 43. Ke3 Ra8 44. Ra1 Ra6 45. Kd2 Rc6 46. Nf2 Nf8 47. Nd3 Nd7 48. Nb4 Rc8 49. f4 gxf4 50. Bxf4 Nb6 51. Rf1 Nc4+ 52. Kc1 Be4 53. Na6 Kg6 54. Nc5 Rf8 55. Rf2 Rf7 56. Kd1 Rh7 57. Nxe4 dxe4 58. Bc1 Rh1+ 59. Kc2 Rg1 60. g5 Rg3 61. b3 axb3+ 62. Kxb3 e3 63. Re2 Kf5 64. Kb4 1/2-1/2

[Event "Linares Anibal op 5th"]
[Site "Linares"]
[Date "1998.01.26"]
[Round "7"]
[White "Yegiazarian, Arsen"]
[Black "Korneev, Oleg"]
[Result "0-1"]
[WhiteElo "2455"]
[BlackElo "2560"]
[PlyCount "80"]
[EventDate "1998.01.20"]
[Source "ChessBase"]
[SourceDate "1998.03.09"]

1. d4 d5 2. Nf3 Nf6 3. g3 Bf5 4. Bg2 e6 5. O-O Be7 6. c4 c6 7. Nbd2 h6 8. b3 O-O 9. Bb2 Nbd7 10. Re1 a5 11. a3 Ne4 12. Nxe4 Bxe4 13. Bf1 a4 14. Nd2 Bg6 15. b4 f5 16. e3 Nf6 17. Nb1 Bh5 18. f3 Bd6 19. c5 Bc7 20. Be2 g5 21. Nc3 Kh8 22. e4 g4 23. fxg4 Nxg4 24. e5 Qg5 25. Bc1 f4 26. Bxg4 Bxg4 27. Qd3 Qh5 28. Qd2 Rf5 29. Ne2 Raf8 30. gxf4 Rg8 31. Ng3 Bf3 32. Qf2 Rf7 33. Ra2 Rfg7 34. Rb2 Bd8 35. f5 Rxg3+ 36. Qxg3 Rxg3+ 37. hxg3 Qh1+ 38. Kf2 Qg2+ 39. Ke3 Bg5+ 40. Kd3 Be4+ 0-1

[Event "St Petersburg Open"]
[Site "St Petersburg RUS"]
[Date "1993.??.??"]
[Round "?"]
[White "Yandemirov, Valeri"]
[Black "Neverov, Valeriy"]
[Result "1/2-1/2"]
[WhiteElo "2465"]
[BlackElo "2550"]
[PlyCount "87"]
[EventDate "1993.10.??"]
[Source "www.chesslib.no"]
[SourceDate "2004.05.04"]

1. d4 d5 2. Nf3 Nf6 3. g3 c6 4. Bg2 Bg4 5. O-O e6 6. c3 Nbd7 7. Re1 Be7 8. Nbd2 c5 9. Ne5 Bf5 10. Nxd7 Qxd7 11. dxc5 Bxc5 12. e4 Bg4 13. Qb3 O-O 14. e5 Ne8 15. c4 Nc7 16. Nf1 Bh5 17. cxd5 Nxd5 18. a3 Rac8 19. Nd2 Bg6 20. Ne4 Bxe4 21. Bxe4 f6 22. Bxd5 Qxd5 23. Qxd5 exd5 24. Bf4 Bd4 25. exf6 Rxf6 26. Red1 Bxb2 27. Ra2 Rb6 28. Rxd5 Rb3 29. a4 Bf6 30. a5 Rd8 31. Rxd8+ Bxd8 32. a6 bxa6 33. Rxa6 Rb7 34. Kg2 Bb6 35. Be5 Kf7 36. f4 Ke6 37. Kf3 Kd5 38. g4 Rd7 39. h4 Kc4 40. Ke4 Rd1 41. h5 g6 42. hxg6 hxg6 43. Ra1 Rxa1 44. Bxa1 1/2-1/2

[Event "2e Open Cergy-Pontoise"]
[Site "Cergy"]
[Date "2004.05.16"]
[Round "9"]
[White "Abergel, Thal"]
[Black "Korneev, Oleg"]
[Result "1/2-1/2"]
[WhiteElo "2437"]
[BlackElo "2573"]
[PlyCount "134"]
[EventDate "2004.05.16"]
[Source "Roberto Alvarez"]
[SourceDate "2004.05.24"]

1. d4 d5 2. Nf3 Nf6 3. Bf4 c5 4. dxc5 e6 5. e3 Bxc5 6. Be2 O-O 7. O-O Nc6 8. Nbd2 h6 9. h3 Qe7 10. Nb3 Bb6 11. Ne5 Rd8 12. c3 Nd7 13. Nf3 e5 14. Bh2 Nf6 15. Qc2 Ne4 16. Rad1 Bf5 17. Bd3 Rac8 18. Qb1 Qf6 19. Nfd2 Qg6 20. Nxe4 dxe4 21. Bc2 Bxh3 22. Bxe4 f5 23. Kh1 fxe4 24. gxh3 Rd3 25. Nc1 Rxd1 26. Rxd1 Rf8 27. Qc2 Rf3 28. Rg1 Qf5 29. Rg2 Rxh3 30. Ne2 Rh4 31. Kg1 Kh8 32. Qd2 Qe6 33. b3 Nd8 34. c4 Rg4 35. Qd5 Rxg2+ 36. Kxg2 Qg4+ 37. Ng3 Qf3+ 38. Kg1 Nf7 39. Qxe4 Qd1+ 40. Kg2 Ng5 41. Qd5 Qg4 42. Kh1 e4 43. Qf5 Qf3+ 44. Qxf3 exf3 45. Nf5 Ne4 46. Kg1 Kh7 47. b4 g5 48. c5 Bd8 49. Nd6 Nxd6 50. Bxd6 a6 51. a4 Kg6 52. b5 axb5 53. axb5 Kf5 54. c6 bxc6 55. bxc6 h5 56. c7 Bxc7 57. Bxc7 h4 58. Bd8 h3 59. Kh2 g4 60. Kg3 Ke4 61. Bc7 Kd3 62. Kxg4 Ke2 63. Kxh3 Kxf2 64. e4 Ke3 65. e5 f2 66. Bb6+ Ke4 67. Bxf2 Kxe5 1/2-1/2

[Event "It (Men) Schaumburg USA"]
[Site "?"]
[Date "2006.04.21"]
[Round "7"]
[White "Mitkov Nikola"]
[Black "Krush Irina"]
[Result "1-0"]
[WhiteElo "2561"]
[BlackElo "2447"]
[PlyCount "155"]
[EventDate "2006.??.??"]
[Source "www.chesslib.no"]
[SourceDate "2004.05.04"]

1. d4 d5 2. Nf3 Nf6 3. Bf4 c5 4. e3 Nc6 5. Bb5 Qb6 6. Nc3 cxd4 7. Qxd4 Qxd4 8. exd4 Bd7 9. Ne5 e6 10. Nxd7 Kxd7 11. Na4 Ne4 12. c3 Bd6 13. Be3 Kc7 14. Nc5 Nf6 15. Be2 Na5 16. Nd3 Nd7 17. O-O a6 18. Rfe1 b5 19. Reb1 Nc4 20. Bc1 Rhb8 21. a4 Na5 22. Bd1 bxa4 23. Rxa4 Nb3 24. Be3 a5 25. g3 Rb5 26. Nb4 Nb6 27. Bxb3 axb4 28. Rxa8 Nxa8 29. c4 dxc4 30. Bxc4 Ra5 31. Rc1 Kd7 32. Bb3 Nc7 33. Kf1 Nd5 34. Bd2 h5 35. Ke2 Ra8 36. Kd3 Ra7 37. Bc4 Ra5 38. Kc2 Nb6 39. Be2 Rf5 40. f4 Ra5 41. Kb3 Rd5 42. Be3 Ra5 43. Bf2 g6 44. Be1 Nd5 45. Bf3 Ra7 46. Bd2 Ra6 47. Rf1 Ra5 48. Bg2 Nf6 49. Bf3 Nd5 50. Rc1 Kd8 51. Bxd5 exd5 52. Rc6 Be7 53. f5 Kd7 54. Rc1 gxf5 55. Rf1 Bf6 56. Bxb4 Rb5 57. Ka4 Rb8 58. Rxf5 Ke6 59. Rf4 Ra8+ 60. Ba5 Rc8 61. Bc3 Rc4+ 62. Kb3 Rc8 63. Kc2 Ra8 64. b4 Rc8 65. Kd3 Ra8 66. Kc2 Rc8 67. Kd3 Ra8 68. Rf2 Rg8 69. Re2+ Kd7 70. Ra2 h4 71. Be1 Rg4 72. Bf2 hxg3 73. hxg3 Rg8 74. Ra7+ Ke6 75. Ra6+ Kf5 76. Rd6 Rb8 77. g4+ Kg5 78. Be3+ 1-0

[Event "RUS-chT"]
[Site "Tomsk"]
[Date "2001.05.13"]
[Round "1"]
[White "Semeniuk, Alexander A"]
[Black "Iskusnyh, Sergei"]
[Result "0-1"]
[WhiteElo "2474"]
[BlackElo "2533"]
[PlyCount "130"]
[EventDate "2001.05.13"]
[Source "ChessBase"]
[SourceDate "2001.07.03"]

1. d4 d5 2. Nf3 Nf6 3. Bf4 Bf5 4. e3 e6 5. c4 Bxb1 6. Rxb1 Bb4+ 7. Ke2 dxc4 8. Qa4+ Nc6 9. Ne5 Bd6 10. Nxc6 Qd7 11. Qxc4 bxc6 12. g3 Bxf4 13. gxf4 Qd5 14. Qxd5 cxd5 15. Rc1 Kd7 16. f3 Rhb8 17. Rc2 Rb4 18. Kd2 Rab8 19. Kc1 Kd6 20. Be2 Ng8 21. Rd1 Ne7 22. Rd3 c6 23. Ra3 R8b7 24. Bd3 h6 25. Ra6 R4b6 26. Ra5 Rb4 27. Ra6 R4b6 28. Ra4 Rb4 29. Ra6 g6 30. b3 R4b6 31. Ra4 Rb4 32. Rxb4 Rxb4 33. Kb2 Rb8 34. Ka3 Kc7 35. Ka4 Kb6 36. b4 g5 37. fxg5 hxg5 38. Rg2 f6 39. f4 gxf4 40. Rg7 Nf5 41. Bxf5 exf5 42. exf4 Rh8 43. Rg6 Rxh2 44. Rxf6 Rxa2+ 45. Kb3 Rh2 46. Rxf5 Rh3+ 47. Kc2 Kb5 48. Rf7 Kc4 49. Rxa7 Rh2+ 50. Kd1 Kxd4 51. f5 Ke4 52. Rb7 Kd3 53. Kc1 Kc3 54. Kb1 Rb2+ 55. Kc1 Rf2 56. Kd1 Rxf5 57. Rb6 Kd3 58. Ke1 Re5+ 59. Kf1 d4 60. Rxc6 Rb5 61. Rc1 Rxb4 62. Rd1+ Kc3 63. Ke2 Rb2+ 64. Kf3 d3 65. Ra1 Rb8 0-1

[Event "Mind Sports Games - Rapid Team"]
[Site "Pechino CINA"]
[Date "2008.10.16"]
[Round "8"]
[White "Tu Hoang Thong"]
[Black "Gonzalez Garcia, J2."]
[Result "1-0"]
[WhiteElo "2496"]
[BlackElo "2508"]
[PlyCount "59"]
[EventDate "2008.10.14"]
[Source "www.chesslib.no"]
[SourceDate "2004.05.04"]

1. d4 d5 2. Nf3 Nf6 3. Bf4 e6 4. Nbd2 c5 5. e3 Nc6 6. c3 Bd6 7. Bg3 Qe7 8. Ne5 Nd7 9. f4 O-O 10. Bd3 Rd8 11. Qh5 Nf8 12. O-O f6 13. Rf3 Qe8 14. Qh3 Be7 15. Raf1 Bd7 16. Be1 Nxe5 17. fxe5 f5 18. g4 g6 19. R1f2 cxd4 20. exd4 Bb5 21. Bc2 Rac8 22. Rg3 f4 23. Rxf4 Bg5 24. Rf2 Qe7 25. Rgf3 Bh4 26. Qxh4 Qxh4 27. Rxf8+ Rxf8 28. Rxf8+ Rxf8 29. Bxh4 Rf4 30. h3 1-0

[Event "Lausanne Master op"]
[Site "Lausanne"]
[Date "2001.05.25"]
[Round "6"]
[White "Prie, Eric"]
[Black "Lazarev, Vladimir"]
[Result "1-0"]
[WhiteElo "2500"]
[BlackElo "2500"]
[PlyCount "141"]
[EventDate "2001.05.20"]
[Source "ChessBase"]
[SourceDate "2001.07.03"]

1. d4 d5 2. Nf3 Nf6 3. c3 g6 4. Bg5 Bg7 5. Nbd2 Nbd7 6. e3 c6 7. Bd3 O-O 8. O-O Qb6 9. Qb3 e5 10. Nxe5 Nxe5 11. dxe5 Ng4 12. Qxb6 axb6 13. f4 h6 14. Bh4 Nxe3 15. Rfe1 Nf5 16. Bf2 b5 17. Nb3 h5 18. g3 Re8 19. a3 Nh6 20. Kg2 Bf5 21. Bxf5 Nxf5 22. h3 g5 23. Nd4 Nxd4 24. cxd4 gxf4 25. gxf4 f5 26. Kf3 Kf7 27. b3 Ra6 28. Rg1 Bh6 29. Be1 Raa8 30. a4 Rg8 31. Rxg8 Kxg8 32. a5 Bf8 33. Bh4 Kf7 34. Rg1 Rxa5 35. Rg5 Be7 36. Rxf5+ Kg6 37. Rxh5 Kxh5 38. Bxe7 Ra1 39. Bc5 Kg6 40. e6 Kf6 41. e7 Kf7 42. h4 Rf1+ 43. Kg4 Re1 44. h5 b6 45. Bxb6 Rxe7 46. b4 Re1 47. Kf5 Kg7 48. Bc7 Kh6 49. Be5 Kxh5 50. Ke6 c5 51. dxc5 d4 52. f5 d3 53. f6 Kg6 54. f7 Rf1 55. Bc3 Rxf7 56. c6 Rf6+ 57. Kd7 Rf7+ 58. Kd6 Rf4 59. c7 Rc4 60. Bd2 Kf5 61. Kd7 Rd4+ 62. Kc6 Rc4+ 63. Kb7 Ke4 64. c8=Q Rxc8 65. Kxc8 Kf3 66. Kb7 Ke2 67. Bc3 Kd1 68. Kc6 Kc2 69. Be1 Kd1 70. Bh4 Kc2 71. Bg5 1-0

[Event "Lone Pine op"]
[Site "Lone Pine"]
[Date "1978.??.??"]
[Round "8"]
[White "Bisguier, Arthur Bernard"]
[Black "Miles, Anthony J"]
[Result "1/2-1/2"]
[WhiteElo "2435"]
[BlackElo "2565"]
[PlyCount "39"]
[EventDate "1978.04.??"]
[Source "ChessBase"]

1. d4 d5 2. Nf3 Nf6 3. Bf4 g6 4. e3 Bg7 5. Nbd2 O-O 6. h3 Nbd7 7. Be2 c5 8. c3 b6 9. O-O Bb7 10. a4 Ne4 11. Bh2 e6 12. a5 Bc6 13. axb6 axb6 14. Rxa8 Qxa8 15. Qa1 Nxd2 16. Nxd2 Qb7 17. b4 Ra8 18. Qb2 Qa7 19. bxc5 bxc5 20. Bd6 1/2-1/2

[Event "Pardubice Open"]
[Site "Pardubice CZE"]
[Date "1992.??.??"]
[Round "7"]
[White "Pribyl, Josef"]
[Black "Sorokin, Maxim"]
[Result "1/2-1/2"]
[WhiteElo "2430"]
[BlackElo "2570"]
[PlyCount "37"]
[EventDate "1992.07.??"]
[Source "www.chesslib.no"]
[SourceDate "2004.05.04"]

1. d4 d5 2. Nf3 Nf6 3. c3 Bf5 4. Bf4 e6 5. e3 Bd6 6. Bxd6 Qxd6 7. Bd3 Bxd3 8. Qxd3 O-O 9. Nbd2 c5 10. e4 dxe4 11. Nxe4 Nxe4 12. Qxe4 Nc6 13. Ng5 f5 14. Qxe6+ Qxe6+ 15. Nxe6 Rae8 16. d5 Nd8 17. O-O-O Nxe6 18. dxe6 Rxe6 19. Rhe1 1/2-1/2

[Event "CC Ordix"]
[Site "?"]
[Date "1997.06.28"]
[Round "5"]
[White "Schlindwein Rolf"]
[Black "Vaganian Rafael Agred"]
[Result "0-1"]
[WhiteElo "2410"]
[BlackElo "2585"]
[PlyCount "106"]
[EventDate "1997.??.??"]
[Source "www.chesslib.no"]
[SourceDate "2004.05.04"]

1. d4 d5 2. Nf3 Nf6 3. Bf4 g6 4. e3 Bg7 5. h3 O-O 6. Bd3 c5 7. c3 b6 8. Qe2 Bb7 9. Nbd2 Nbd7 10. O-O Ne4 11. Rfd1 Qc8 12. a4 a6 13. h4 h6 14. Rac1 Bc6 15. Bc2 b5 16. axb5 axb5 17. Nxe4 dxe4 18. Nd2 Qb7 19. d5 Bxd5 20. Bxe4 Nf6 21. Bxd5 Nxd5 22. Qf3 Ra7 23. Ne4 Nxf4 24. exf4 f5 25. Nxc5 Qxf3 26. gxf3 Rc8 27. Rd5 h5 28. Nd3 Rb7 29. Ra1 Bf6 30. Ra5 b4 31. Nxb4 Bxh4 32. Kg2 Kg7 33. Ra6 Bf6 34. Rd2 Rc4 35. Nd5 Rd7 36. Nb6 Rxd2 37. Nxc4 Rc2 38. Rb6 Bh4 39. Ne5 Bxf2 40. Rxg6+ Kh7 41. Re6 Be3+ 42. Kg3 h4+ 43. Kxh4 Bxf4 44. Rxe7+ Kh6 45. Nf7+ Kg6 46. Nh8+ Kf6 47. Rf7+ Ke6 48. Kh5 Be5 49. Ng6 Bf6 50. Ra7 Rh2+ 51. Nh4 Bxh4 52. f4 Bf2+ 53. Kg6 Rg2+ 0-1

[Event "NED-ch open"]
[Site "?"]
[Date "1998.07.27"]
[Round "7"]
[White "Safin Shukhrat"]
[Black "Van den Doel Erik"]
[Result "0-1"]
[WhiteElo "2510"]
[BlackElo "2485"]
[PlyCount "44"]
[EventDate "1998.??.??"]
[Source "www.chesslib.no"]
[SourceDate "2004.05.04"]

1. d4 d5 2. Nf3 Nf6 3. Bf4 c5 4. e3 Nc6 5. c3 Qb6 6. Qb3 c4 7. Qxb6 axb6 8. Na3 Bf5 9. Nh4 e6 10. Nxf5 Kd7 11. g3 Ra5 12. Bh3 g6 13. Ke2 Na7 14. Be5 Ne4 15. g4 Ng5 16. Bg2 Ra4 17. Kd2 b5 18. Kc2 b4 19. cxb4 Rxb4 20. h4 h5 21. f4 Rh7 22. Bxd5 Rg7 0-1

[Event "Biel op"]
[Site "Biel"]
[Date "1995.??.??"]
[Round "10"]
[White "Raetsky, Alexander"]
[Black "Klovans, Janis"]
[Result "0-1"]
[WhiteElo "2505"]
[BlackElo "2485"]
[PlyCount "56"]
[EventDate "1995.07.??"]
[Source "ChessBase"]

1. d4 d5 2. Nf3 Nf6 3. g3 Bg4 4. Bg2 e6 5. c4 c6 6. Qb3 Qb6 7. Nc3 Nbd7 8. O-O Be7 9. Bf4 O-O 10. c5 Qxb3 11. axb3 Ne4 12. b4 h6 13. Rfe1 g5 14. Bc1 Bf5 15. h4 gxh4 16. Bxh6 hxg3 17. Nxe4 dxe4 18. Ng5 Rfd8 19. Ra3 gxf2+ 20. Kxf2 Nf6 21. Rg3 Ng4+ 22. Rxg4 Bxg4 23. e3 Rd5 24. Nxe4 Bh4+ 25. Ng3 Rf5+ 26. Bf4 e5 27. dxe5 Rd8 28. Kg1 Rxf4 0-1

[Event "Erlangen"]
[Site "Erlangen"]
[Date "1991.??.??"]
[Round "?"]
[White "Blatny, Pavel"]
[Black "Luther, Thomas"]
[Result "1-0"]
[WhiteElo "2495"]
[BlackElo "2495"]
[PlyCount "55"]
[EventDate "1991.??.??"]
[Source "www.chesslib.no"]
[SourceDate "2004.05.04"]

1. d4 d5 2. Nf3 Nf6 3. Bf4 e6 4. e3 Be7 5. Bd3 O-O 6. Nbd2 c5 7. c3 b6 8. Qe2 Bb7 9. Ng5 Bd6 10. Be5 h6 11. Bxf6 gxf6 12. Qh5 fxg5 13. Qxh6 f5 14. Qg6+ Kh8 15. g4 Qf6 16. Qh5+ Kg7 17. h4 Qg6 18. Qxg6+ Kxg6 19. hxg5 Kg7 20. Rh6 cxd4 21. gxf5 dxe3 22. f6+ Kf7 23. Bg6+ Kg8 24. Rh7 exd2+ 25. Kxd2 Bf4+ 26. Kc2 d4 27. Rxb7 d3+ 28. Kb3 1-0